Syndromes : Rapid recognition and perioperative implications

Essential medical facts on over 2,000 genetic syndromes. Organized alphabetically, this book provides comprehensive medical coverage for each syndrome, from genetic basis to manifestations to related medical considerations. Features anesthetic considerations for each syndrome as well as 180 illustra...

Full beskrivning

Sparad:
Bibliografiska uppgifter
Materialtyp: Bok
Språk:Undetermined
Publicerad: New York McGraw-Hill Medical Publishing Division 2006
Ämnen:
Taggar: Lägg till en tagg
Inga taggar, Lägg till första taggen!
Thư viện lưu trữ: Trung tâm Học liệu Trường Đại học Cần Thơ
LEADER 00989nam a2200205Ia 4500
001 CTU_138051
008 210402s9999 xx 000 0 und d
020 |c 100.80 
082 |a 616.075 
082 |b S992 
245 0 |a Syndromes : 
245 0 |b Rapid recognition and perioperative implications 
245 0 |c Editors by Bruno Bissonnette ... [et al.] 
260 |a New York 
260 |b McGraw-Hill Medical Publishing Division 
260 |c 2006 
520 |a Essential medical facts on over 2,000 genetic syndromes. Organized alphabetically, this book provides comprehensive medical coverage for each syndrome, from genetic basis to manifestations to related medical considerations. Features anesthetic considerations for each syndrome as well as 180 illustrations and an easily accessible standardized, two-column format. 
650 |a Signs and symptoms,Diagnostic techniques and procedures,Syndrome 
904 |i Giang 
980 |a Trung tâm Học liệu Trường Đại học Cần Thơ